| Tag |
First Indicator |
Second Indicator |
Subfields |
| LEADER |
00000cam a22000001i 4500 |
| 001 |
in00003977708 |
| 006 |
m d f |
| 007 |
cr bn mmmapmmp |
| 008 |
371025s1937 dcu o f000 0 eng d |
| 005 |
20250210233602.8 |
| 035 |
|
|
|a ebd19331132094
|
| 040 |
|
|
|a UMI
|c UMI
|e rda
|d UtOrBLW
|
| 086 |
0 |
|
|a I 19.16:186-E
|
| 099 |
|
|
|a I19.16..186-E
|
| 110 |
2 |
|
|a Geological Survey (U.S.)
|0 http://id.loc.gov/authorities/names/n80092173
|
| 245 |
1 |
0 |
|a Flora of New Albany Shale :
|b Part 2, Calamopityeae and their relationships.
|
| 264 |
|
1 |
|a [Washington] :
|b [s.n.],
|c 1937.
|
| 300 |
|
|
|a 1 online resource (11 pages), digital, PDF file
|
| 336 |
|
|
|a text
|b txt
|2 rdacontent
|
| 337 |
|
|
|a computer
|b c
|2 rdamedia
|
| 338 |
|
|
|a online resource
|b cr
|2 rdacarrier
|
| 500 |
|
|
|a Includes illustrations.
|
| 533 |
|
|
|a Electronic reproduction.
|b [Bethesda, Md.] :
|c ProQuest,
|d 2017
|e digital, PDF file.
|n ProQuest U.S. Executive Branch Documents
|n Mode of access: World Wide Web via ProQuest website.
|
| 588 |
|
|
|a Record is based on online resource; title from PDF title page (ProQuest, last viewed Feb. 2017). Reuse except for individual research requires license from ProQuest, LLC.
|
| 650 |
|
0 |
|a Quarries and quarrying.
|0 http://id.loc.gov/authorities/subjects/sh85109481
|
| 650 |
|
0 |
|a Trees.
|0 http://id.loc.gov/authorities/names/nr2006016201
|
| 650 |
|
0 |
|a Botany.
|0 http://id.loc.gov/authorities/subjects/sh85015976
|
| 856 |
4 |
0 |
|u http://proxy.library.tamu.edu/login?url=http://congressional.proquest.com/congressional/docview/t66.d71.i19.16..186-e?
|y Electronic resource (PDF)
|t 0
|
| 999 |
f |
f |
|s 0bfd776a-ffc1-302e-a395-1eb4ada48eaa
|i c05256db-7fc9-3cd1-a8dc-eb2e2db6c593
|t 0
|
| 952 |
f |
f |
|a Texas A&M University
|b College Station
|c Electronic Resources
|d Available Online
|t 0
|h No information provided
|
| 998 |
f |
f |
|t 0
|l Available Online
|